| 000 | 01418nam0a2200361 i 4500 | ||
|---|---|---|---|
| 001 | RU\NLR\BIBL_A\010199465 | ||
| 005 | 20260406114158.0 | ||
| 010 |
_a9785000610343 _93000 |
||
| 021 |
_aRU _b13-107444 |
||
| 035 | _a(NILC)RuMoRGB-006725456 | ||
| 035 | _a(NLR Aleph) 010199465 | ||
| 090 |
_a10235857 _c10235857 |
||
| 100 | _a20140303d2013 um y0rusy50 ca | ||
| 101 | 1 |
_arus _ceng |
|
| 102 | _aRU | ||
| 105 | _aa|||z|||000ay | ||
| 200 | 1 |
_aПриключения Гекльберри Финна _e[для среднего школьного возраста] _fМ. Твен _g[пер. с англ. А. Муравьёвой] _gхудож.: А. Власова |
|
| 210 |
_aМосква _cИскательпресс _d2013 |
||
| 215 |
_a190, [1] с., [4] л. цв. ил. _d22 |
||
| 225 | 1 | _aШкольная библиотека | |
| 300 | _aПечатается без сокращений | ||
| 333 | _a12+ | ||
| 675 | _a821.111(73)-93 | ||
| 686 | 0 | _aШ9(7США)62-4 | |
| 700 | 1 |
_7ca _8rus _aТвен _bМ. _f1835-1910 _gМарк _9110265 _3RU\NLR\AUTH\77201 |
|
| 702 | 1 |
_4040 _7ca _8rus _aВласова _bА. Ю. _cхудожник-иллюстратор _f1953- _gАнна Юльевна _928296 _3RU\NLR\AUTH\7745358 |
|
| 801 | 0 |
_aRU _bRuMoRKP _c20140121 _gRCR |
|
| 801 | 2 |
_aRU _bРГБ _c20140131 _grcr |
|
| 942 | _cBOOK | ||
| 980 | _aNBR | ||